|
|
|
|
| LEADER |
00000naa a2200000uu 4500 |
| 001 |
vtls011035677 |
| 003 |
SK-MaSNL |
| 005 |
20260302125048.0 |
| 008 |
210907|2001 xo |||||||||||||||||eng| |
| 015 |
|
|
|a SNBRA
|
| 035 |
|
|
|a (urnnbn)urn:nbn:sk:snk:ar-008tvf
|
| 035 |
|
|
|a (uuid)ad2bc626-ff3c-4fcb-b6bc-7a6663d7c75c
|
| 035 |
|
|
|a urn:nbn:sk:snk-aaupmr
|
| 040 |
|
|
|a SNKBUCL
|b slo
|c SNKBUCL
|e AACR2
|
| 041 |
0 |
|
|a eng
|
| 044 |
|
|
|a xo
|c SK
|
| 100 |
1 |
|
|a Vinca, Róbert
|4 aut
|9 733185
|
| 245 |
1 |
0 |
|a Global environmental initiatives affecting forestry and forest products market
|c Róbert Vinca
|
| 773 |
0 |
|
|t The Forest - Economy versus ecology
|d In Zvolen : Technical University, 2001
|g S. 47-51
|z 8022810401
|
| 958 |
|
|
|a OND
|
| 958 |
|
|
|a article12
|
| 958 |
|
|
|a chapter
|
| 999 |
|
|
|c 1291513
|d 1293443
|